000 00556nam a2200193 i 4500
001 25850
003 ES-MaACL
007 t|
008 030103s1983 sp ||||1| spa d
100 1 _aArenas, Reinaldo.
_922601
245 1 3 _aEl palacio de las blanquísimas mofetas /
_cReinaldo Arenas.
250 _a[1ª ed.].
260 _aBarcelona :
_bArgos Vergara,
_c[1983]
300 _a292 p. ;
_c22 cm.
490 1 _aEn cuarto mayor ;
_v137
830 0 _aEn cuarto mayor ;
_v137
_9181130
852 _aES-MaACL
_jL-7127
_bR.107510
999 _c25850
_d25850